| 000 | 00642nam a2200193 a 4500 | ||
|---|---|---|---|
| 001 | 000039845 | ||
| 005 | 20201002033752.0 | ||
| 008 | 130725s19uu sp a 000 0 spa d | ||
| 040 |
_aDO-SdBNP _bspa _cBNPHU |
||
| 082 | _axxx | ||
| 100 | 1 |
_aRouviére, H. _966036 |
|
| 245 | 1 | 0 |
_aAnatomía humana descriptiva y topográfica / _cH. Rouviére , traducción R. López Prieto, M. Gavilan Bofill. |
| 250 | _a2a ed. corregida y aumentada | ||
| 260 |
_a[España] : _b[s.n.], _c[s. f.]. |
||
| 300 |
_av. : _bil. ; _c23 cm. |
||
| 505 | 0 |
_gv.1: _tCabeza y cuello |
|
| 700 | 1 |
_aLópez Prieto, R. , _etr. _966037 |
|
| 700 | 1 |
_aGavilan Bofill, M., _etr. _966038 |
|
| 999 |
_c39335 _d39335 |
||